000 00656nam a22001935i 4500
001 160975
003 ES-MaACL
005 20230906212152.0
008 940301s1893 sp |||| | spa d
040 _aCAM
_bspa
100 0 _aOlivié, Manuel.
_9130635
245 1 0 _aAspiraciones nacionales de España
_b: Marruecos /
_cpor Manuel Olivié.
260 _aBarcelona :
_b[s.n.],
_c1893 (
_fImp. Henrich y Comp\pa\s en comandita, Sucesores de N. Ramírez y C\pa\s)
300 _a322 p. ;
_c23 cm.
650 4 _aMarruecos-
_xDescripción.
_9222994
700 1 1 _aHenrich,
_eimp.
_9127855
852 _aES-MaACL
_jG-6084
_z-- Enc. rust.
999 _c160975
_d160975